| 000 | 00424nam a22001697a 4500 | ||
|---|---|---|---|
| 003 | DO-SdBNP | ||
| 005 | 20210413092419.0 | ||
| 007 | ta | ||
| 008 | 210413e2012 dr ||||gr|||| 001 0 spa d | ||
| 040 |
_aDO-SdBNP _bspa _cBNPHU |
||
| 041 | _hspa | ||
| 082 | _bG943p | ||
| 245 | 1 | _aGuía provincia MSC República Dominicana. | |
| 260 |
_aSanto Domingo : _bEdiciones MSC, _c2012 |
||
| 300 |
_a30 pg, ; _c21 cm, |
||
| 942 |
_2ddc _cLBS1 |
||
| 999 |
_c49721 _d49721 |
||